Come out and play, little mouse /

Big Brother saves Little Mouse from a cat's treacherous invitation to come out and play.

Bibliographic Details
Main Author: Kraus, Robert, 1925-
Other Authors: Aruego, Jose, Dewey, Ariane
Format: Book
Language:English
Published: New York : Greenwillow Books, [1987]
Subjects:

MARC

Tag First Indicator Second Indicator Subfields
LEADER 00000cam a2200000 a 4500
001 in00000020376
005 20151007053910.0
008 851223s1987 nyua j 00011 eng
010 |a  85030198  
020 |a 068805837X 
020 |z 0688058358 (lib. bdg.) 
035 |a (OCoLC)13123285 
035 |9 AAB3246AM 
040 |a DLC  |c DLC  |d TXA  |d UtOrBLW 
049 |a [Curr Col] TXAM  |c [A11059857] 
050 0 0 |a PZ7.K868  |b Co 1987 
082 0 |a [E]  |2 19 
100 1 |a Kraus, Robert,  |d 1925- 
245 1 0 |a Come out and play, little mouse /  |c by Robert Kraus ; pictures by Jose Aruego and Ariane Dewey. 
264 1 |a New York :  |b Greenwillow Books,  |c [1987] 
264 4 |c ©1987 
300 |a 32 unnumbered pages :  |b color illustrations ;  |c 26 cm. 
336 |a text  |b txt  |2 rdacontent 
337 |a unmediated  |b n  |2 rdamedia 
338 |a volume  |b nc  |2 rdacarrier 
520 |a Big Brother saves Little Mouse from a cat's treacherous invitation to come out and play. 
650 1 |a Mice  |x Fiction. 
650 1 |a Brothers  |x Fiction. 
650 1 |a Cats  |x Fiction. 
700 1 |a Aruego, Jose. 
700 1 |a Dewey, Ariane. 
999 |a MARS 
999 f f |s 30da2f2d-18d7-3463-8cbe-fc55a6750056  |i 1628ef00-5b41-39c9-94fb-ca8e05554fff  |t 0 
952 f f |p normal  |a Texas A&M University  |b College Station  |c Sterling C. Evans Library  |d Evans: Curriculum Collection (4th floor)  |t 0  |e PZ7.K868 Co 1987  |h Library of Congress classification  |i unmediated -- volume  |m A14811059857 
998 f f |a PZ7.K868 Co 1987  |t 0  |l Evans: Curriculum Collection (4th floor)